000 00856nam a22002297a 4500
999 _c65808
_d65808
005 20240530110844.0
008 201004s2007 ua a f b 001 0 ara d
017 _bمصر. دار الكتب
040 _aEG-CaGPL
_cEG-CaGPL
082 0 4 _221
_a932.098
_bق/م م
100 0 _aمحمود سعيد عمران
245 1 0 _aمصر فى العصر البيزنطى /
_cمحمود سعيد عمران
250 _aط.1
260 _aالقاهرة :
_bدار المعرفة الجامعية،
_c2007
300 _a348 ص. ؛
_c24 سم.
504 _aيشتمل على ارجاعات ببليوجرافية
650 0 7 _2qrmak
_aدير سانت كاترين
651 0 7 _2qrmak
_aمصر
_xتاريخ
_yالعصر البيظنطى
653 _aباباوات الاسكندرية
942 _2ddc
_cBK